| 000 | 00952nam a22002417a 4500 | ||
|---|---|---|---|
| 999 |
_c1855 _d1855 |
||
| 005 | 20230209095558.0 | ||
| 008 | 230209b ||||| |||| 00| 0 eng d | ||
| 020 | _a9789620446092 | ||
| 040 | _cKH8 | ||
| 082 | _a495.1 MA | ||
| 100 |
_aMa,Yamin _eauthor |
||
| 245 |
_aChinese made easy. Listening exercises 3: _bsimplified character version/ _cYamin Ma, Xinying Li |
||
| 250 | _a3rd edition | ||
| 260 |
_aHong Kong: _bJoint Publishing (H.K.) Co., Ltd., _c2020. |
||
| 300 |
_a45 p. _c24 cm. |
||
| 500 | _aChinese Made Easy adopts a unique approach to teaching Chinese as a foreign/second language. The teaching approach adapts widely-accepted foreign teaching theories to the teaching of the Chinese language | ||
| 650 | _aChinese language | ||
| 650 | _aChinese language Listening (Primary) Juvenile literature | ||
| 650 | _aChinese language Vocabulary | ||
| 650 | _aProblems and Exercises | ||
| 700 |
_aLi, Xinying _eauthor |
||
| 942 |
_2ddc _cTR |
||